Разработка гидродинамической модели лифт-реактора процесса каталитического крекинга; Деловой журнал Neftegaz.RU; № 10 (118)

Dades bibliogràfiques
Parent link:Деловой журнал Neftegaz.RU
№ 10 (118).— 2021.— [С. 40-46]
Autor corporatiu: Национальный исследовательский Томский политехнический университет Инженерная школа природных ресурсов Отделение химической инженерии
Altres autors: Воробьев А. М. Анатолий Михайлович, Ивашкина Е. Н. Елена Николаевна, Иванчина Э. Д. Эмилия Дмитриевна, Чузлов В. А. Вячеслав Алексеевич, Назарова Г. Ю. Галина Юрьевна, Антонов А. В. Артем Викторович
Sumari:Заглавие с экрана
В работе изучена гидродинамика системы газ-твердое тело в лифт-реакторе каталитического крекинга с помощью программного пакета ANSYS Fluent. Представлена макроскопическая двухжидкостная модель Эйлера для описания твердой и газовой фаз в лифт-реакторе каталитического крекинга (FCC), при этом цеолитный катализатор и углеводородное сырье моделируются как два взаимопроникающих континуума.
Режим доступа: по договору с организацией-держателем ресурса
Idioma:rus
Publicat: 2021
Matèries:
Accés en línia:https://www.elibrary.ru/item.asp?id=47159643
Format: MixedMaterials Electrònic Capítol de llibre
KOHA link:https://koha.lib.tpu.ru/cgi-bin/koha/opac-detail.pl?biblionumber=667517

MARC

LEADER 00000naa0a2200000 4500
001 667517
005 20250317165146.0
035 |a (RuTPU)RU\TPU\network\38722 
035 |a RU\TPU\network\38396 
090 |a 667517 
100 |a 20220330d2021 k||y0rusy50 ca 
101 0 |a rus 
102 |a RU 
135 |a drcn ---uucaa 
181 0 |a i  
182 0 |a b 
200 1 |a Разработка гидродинамической модели лифт-реактора процесса каталитического крекинга  |f А. М. Воробьев, Е. Н. Ивашкина, Э. Д. Иванчина [и др.] 
203 |a Текст  |c электронный 
300 |a Заглавие с экрана 
320 |a [Библиогр.: 9 назв.] 
330 |a В работе изучена гидродинамика системы газ-твердое тело в лифт-реакторе каталитического крекинга с помощью программного пакета ANSYS Fluent. Представлена макроскопическая двухжидкостная модель Эйлера для описания твердой и газовой фаз в лифт-реакторе каталитического крекинга (FCC), при этом цеолитный катализатор и углеводородное сырье моделируются как два взаимопроникающих континуума. 
333 |a Режим доступа: по договору с организацией-держателем ресурса 
461 |t Деловой журнал Neftegaz.RU 
463 |t № 10 (118)  |v [С. 40-46]  |d 2021 
610 1 |a электронный ресурс 
610 1 |a труды учёных ТПУ 
610 1 |a реакторы 
610 1 |a каталитический крекинг 
610 1 |a гидродинамика 
610 1 |a моделирование 
701 1 |a Воробьев  |b А. М.  |g Анатолий Михайлович 
701 1 |a Ивашкина  |b Е. Н.  |c химик-технолог  |c профессор Томского политехнического университета, доктор технических наук  |f 1983-  |g Елена Николаевна  |3 (RuTPU)RU\TPU\pers\24965  |9 11119 
701 1 |a Иванчина  |b Э. Д.  |c химик  |c профессор Томского политехнического университета, доктор технических наук  |f 1951-2022  |g Эмилия Дмитриевна  |3 (RuTPU)RU\TPU\pers\24966 
701 1 |a Чузлов  |b В. А.  |c химик  |c доцент Томского политехнического университета, кандидат технических наук  |f 1991-  |g Вячеслав Алексеевич  |3 (RuTPU)RU\TPU\pers\33874  |9 17463 
701 1 |a Назарова  |b Г. Ю.  |c химик  |c ассистент Томского политехнического университета, лаборант  |f 1990-  |g Галина Юрьевна  |3 (RuTPU)RU\TPU\pers\35533  |9 18715 
701 1 |a Антонов  |b А. В.  |c химик  |c инженер Томского политехнического университета  |f 1996-  |g Артем Викторович  |3 (RuTPU)RU\TPU\pers\47443 
712 0 2 |a Национальный исследовательский Томский политехнический университет  |b Инженерная школа природных ресурсов  |b Отделение химической инженерии  |3 (RuTPU)RU\TPU\col\23513 
801 2 |a RU  |b 63413507  |c 20230117  |g RCR 
856 4 |u https://www.elibrary.ru/item.asp?id=47159643 
942 |c CF